Sin razón: la herencia musical de Nino García
Guardat en:
| Autor principal: | |
|---|---|
| Format: | Llibre |
| Idioma: | anglès |
| Publicat: |
Santiago, Chile
La Nueva Gráfica Chilena
2011
Santiago, Chile Feroces Editores 2011 |
| Matèries: | |
| Etiquetes: |
Afegir etiqueta
Sense etiquetes, Sigues el primer a etiquetar aquest registre!
|
MARC
| LEADER | 00000nam a22000007a 4500 | ||
|---|---|---|---|
| 003 | CL-VaPUC | ||
| 005 | 20230929141754.0 | ||
| 008 | 200303b ||||| |||| 00| 0 eng d | ||
| 999 | |c 416856 |d 416854 | ||
| 020 | |a 9789568808075 | ||
| 040 | |c Pontificia Universidad Católica de Valparaíso | ||
| 082 | |a 780.983 CUE 2011 | ||
| 100 | 1 | |a Cuevas, Alejandro |9 719878 | |
| 245 | 1 | 0 | |a Sin razón: |b la herencia musical de Nino García |
| 260 | 3 | |a Santiago, Chile |b La Nueva Gráfica Chilena |c 2011 | |
| 260 | 3 | |a Santiago, Chile |b Feroces Editores |c 2011 | |
| 300 | |a 155 p | ||
| 583 | |c 20200303 |k Daniel Castañeda | ||
| 600 | 0 | |a García Núñez, Nino Enrique |9 719879 | |
| 650 | 0 | 0 | |a Músicos chilenos |9 306645 |
| 650 | 0 | 0 | |a Biografías |9 255210 |
| 942 | |2 ddc |c BK | ||
| 952 | |0 0 |1 0 |2 ddc |4 0 |6 780_983000000000000_CUE_2011 |7 0 |9 551539 |a BIBEDU |b BIBEDU |d 2020-03-03 |i 561581K |o 780.983 CUE 2011 |p 561581K |r 2023-01-12 |t 1 |w 2020-03-03 |y BK |k MUS | ||
| 952 | |0 0 |1 0 |2 ddc |4 0 |6 780_983000000000000_CUE_2011 |7 0 |9 551540 |a BIBEDU |b BIBEDU |d 2020-03-03 |i 5615801 |o 780.983 CUE 2011 |p 5615801 |r 2023-01-12 |t 2 |w 2020-03-03 |y BK |k MUS | ||